000 00824cam a2200253 a 4500
001 4491599
005 20180228063623.0
008 971029s1998 nyuaf 000 0beng
010 _a 97045083
020 _a0517704358 (alk. paper)
040 _aDLC
_cDLC
_dDLC
041 _aeng
043 _an-us---
080 _a659.2 tye
082 0 0 _a659.2 tye
_221
100 1 _a54
101 _aman
245 1 4 _aThe father of spin :
_cLarry Tye.
246 3 0 _aEdward L. Bernays & the birth of public relations
246 3 0 _aEdward L. Bernays and the birth of public relations
906 _a7
_bcbc
_corignew
_d1
_eocip
_f19
_gy-gencatlg
942 _2ddc
_cBK
999 _c43696
_d43696